[Event "SVK-ch U08"]
[Site "Liptovsky Mikulas"]
[Date "2017.04.25"]
[Round "6"]
[White "Dolnik, Michal"]
[Black "Stelbasky, Filip"]
[Result "1-0"]
[WhiteElo "1000"]
[BlackElo "1009"]
[PlyCount "65"]
[EventDate "2017.04.22"]
[EventType "swiss"]
[EventRounds "9"]
[EventCountry "SVK"]
[SourceTitle "CBM 178 Extra"]
[Source "ChessBase"]
[SourceDate "2017.06.22"]
[SourceVersion "1"]
[SourceVersionDate "2017.06.22"]
[SourceQuality "1"]

1. e4 e5 2. Nf3 Nc6 3. Bc4 Be7 4. 0-0 Nf6 5. d3 0-0 6. Be3 d6 7. h3 h6 8. Nc3 Na5 9. Bb3 Nxb3 10. axb3 d5 11. Nxd5 Nxd5 12. exd5 Qxd5 13. c4 Qd6 14. Qd2 Rd8 15. Rfd1 Bf5 16. Ne1 Rd7 17. c5 Qd5 18. b4 Rad8 19. Rxa7 Bxd3 20. Nxd3 Qxd3 21. Qxd3 Rxd3 22. Rxd3 Rxd3 23. Rxb7 Rd1+ 24. Kh2 e4 25. Rxc7 Bd6+ 26. cxd6 Rxd6 27. Rc4 f5 28. Rd4 Re6 29. b5 Kh7 30. Rb4 Rf6 31. b6 f4 32. b7 fxe3 33. fxe3 1-0